Essential Grammar in Use. A self-study Reference and Practice Book for elementary Students of English with answers

書誌詳細
第一著者: Murphy R. Raymond
言語:英語
出版事項: Cambridge, Cambridge University Press, 2007
版:3rd ed.
主題:
フォーマット: MixedMaterials 図書
KOHA link:https://koha.lib.tpu.ru/cgi-bin/koha/opac-detail.pl?biblionumber=128471

MARC

LEADER 00000nam0a2200000 4500
001 128471
005 20231101220121.0
010 |a 9780521675802 
035 |a (RuTPU)RU\TPU\book\138974 
090 |a 128471 
100 |a 20071227d2007 m y0engy50 ba 
101 0 |a eng 
102 |a GB 
105 |a a j 001zy 
200 1 |a Essential Grammar in Use. A self-study Reference and Practice Book for elementary Students of English with answers  |f R. Murphy 
205 |a 3rd ed. 
210 |a Cambridge  |c Cambridge University Press  |d 2007 
215 |a 319 p.  |c ил. 
320 |a Index: p. 315-319. 
606 1 |a Английский язык  |x Учебные руководства и пособия для высшей школы  |x Пособия по грамматике  |2 stltpush  |3 (RuTPU)RU\TPU\subj\29073  |9 52485 
610 1 |a грамматика 
610 1 |a упражнения 
610 1 |a учебные пособия 
686 |a Ш143.21-923.2  |v LBC/SL-A  |2 rubbk 
700 1 |a Murphy  |b R.  |g Raymond 
801 1 |a RU  |b 63413507  |c 20071227  |g PSBO 
801 2 |a RU  |b 63413507  |c 20230207  |g PSBO 
942 |c BK 
959 |a 96/20071224  |d 36  |e 594,00  |f ЧЗИЛ:1  |f ЯЦ_ЭФФ:10  |f ЯЦ_ХТФ:5  |f ЯЦ_ФТФ:10  |f ЯЦ_ТЭФ:10